000 00371nam a22001457a 4500
005 20200225121123.0
008 200225b xxu||||| |||| 00| 0 eng d
020 _a978-93-88178-73-0
041 _aeng
100 _aAGARWAL, GAURAV
_95121
245 _aPHARMACEUTICS - I ( for first year diploma in pharmacy)
260 _aNEW DELHI
_bCBS
300 _a311p,
942 _cBK
999 _c6027
_d6025